000
00314nam a22001337a 4500
008
180129b xxu||||| |||| 00| 0 eng d
020
_a
9780321194756
041
_a
eng
080
_2
4 ed
_a
36
100
_a
46
101
_a
edu
245
_a
the scribner handbook for writers
_c
robert.d
942
_2
udc
_c
BK
999
_c
41105
_d
41105